000 01193 a2200253 4500
001 25857
005 20260407155541.0
008 260407a1974 arg spa d
003 AR-UNSa-BCEJYS
040 _aAR-UNSa-BCEJYS
_bspa
_cAR-UNSa-BCEJYS
080 _a658
_xAdministración de empresas. Organización comercial
245 1 0 _aAdministración de empresas
264 1 _aBuenos Aires :
_bEdiciones Contabilidad Moderna
_c1974
300 _a25 v.
_c26 cm.
505 _aEncuadre y contenido de la función financiera / Alberto J. Macario. Tomo XI-A Magnitud y estructura de inversiones en las empresas / Alberto J. Macario. Tomo XII-A El capital de trabajo: sus efectos económicos y financieros / Alberto J. Macario. Tomo XIII-A Tasa nominal y tasa real de interés / Alberto J. Macario. Tomo XIV-B Inflación, finanzas, estrategias y políticas de empresas / Alberto J. Macario. Tomo XIV-B
942 _cBK
590 _aniveau_biblio:m niveau_hierar:0
100 1 _aLópez, Alberto T.
700 1 _aDealecsandris, Ricardo P.
700 1 _aMalenoski Benezet, Jorge A.
700 1 _aMessuti, Domingo Jorge
700 1 _aRaimondi, Carlos A.
700 1 _aBertoletti, Mario E.
999 _c1423
_d1423